| 000 | 00538nam a2200181Ia 4500 | ||
|---|---|---|---|
| 008 | 220531s9999 xx 000 0 und d | ||
| 041 | _amar | ||
| 082 | _a- | ||
| 100 |
_aगिरी दे.आणि इतर _965949 |
||
| 245 | _aनेट सेट व जे.आर.एफ.परीक्षा मराठी पेपर क्रमांक ३ | ||
| 250 | _a1ST | ||
| 260 |
_aNashik _bSamiksha _c2014 |
||
| 300 | _a512 | ||
| 542 | _d04-01-2014 | ||
| 650 |
_aGeneral _965950 |
||
| 906 | _d2013-2014 | ||
| 999 |
_c37300 _d37300 |
||